[Event "Johannesburg PSS Prestige op"]
[Site "Johannesburg"]
[Date "2017.04.22"]
[Round "4"]
[White "Parodi, Alessandro"]
[Black "Shlaka, Nizar"]
[Result "1-0"]
[WhiteElo "2027"]
[BlackElo "1826"]
[PlyCount "137"]
[EventDate "2017.04.22"]
[EventType "swiss (rapid)"]
[EventRounds "10"]
[EventCountry "RSA"]
[SourceTitle "CBM 177 Extra"]
[Source "ChessBase"]
[SourceDate "2017.04.27"]
[SourceVersion "1"]
[SourceVersionDate "2017.04.27"]
[SourceQuality "1"]

1. d4 Nf6 2. c4 c6 3. Nc3 d5 4. Nf3 dxc4 5. a4 Bf5 6. e3 e6 7. Bxc4 Bb4 8. 0-0 0-0 9. Qe2 Bg6 10. Ne5 Nbd7 11. Nxg6 hxg6 12. e4 Nb6 13. Be3 Bxc3 14. bxc3 Nxe4 15. Rfc1 Nxc4 16. Qxc4 Qd5 17. Qb4 Qd7 18. a5 Nf6 19. Rab1 Rab8 20. Bf4 Nd5 21. Qd6 Rbd8 22. Qxd7 Rxd7 23. Bg3 g5 24. Kf1 Rfd8 25. Rb3 b5 26. axb6 Nxb6 27. Ra1 Nc4 28. Rb8 Rxb8 29. Bxb8 a5 30. Ke2 Rb7 31. Bg3 f5 32. f3 f4 33. Be1 Kf7 34. Ra4 Ne3 35. g3 Rb2+ 36. Bd2 Nd5 37. Kd3 Rb1 38. Rxa5 Rh1 39. c4 Ne7 40. gxf4 Rxh2 41. fxg5 Rh1 42. Ra7 Ke8 43. Bc3 Rb1 44. Ke4 Rb3 45. Bd2 Rb2 46. Bf4 Rc2 47. Be5 Rxc4 48. Kd3 Rc1 49. Bxg7 c5 50. dxc5 Rxc5 51. f4 Nd5 52. Be5 Nb4+ 53. Ke3 Nd5+ 54. Kf3 Ne7 55. Kg4 Nc6 56. Ra8+ Kf7 57. Bd6 Rc4 58. Kh5 Kg7 59. Bf8+ Kf7 60. g6+ Kf6 61. Bh6 Rc5+ 62. Bg5+ Kg7 63. Rc8 Rc2 64. Bh6+ Kf6 65. Rf8+ Ke7 66. g7 Rh2+ 67. Kg6 Rg2+ 68. Bg5+ Rxg5+ 69. Kxg5 1-0